LDR 01156naa#a2200193#i#450# 001 RU\\bibl\126442 005 20260630054306.2 011 ## _a2223-9987 100 ## _a20260629b2026####ek#y0rusy0150####ca 102 ## _aRU 200 1# _aСтатистический анализ возникновения отказов систем тягового привода электроподвижного состава метрополитена _eЖурнальная статья 210 1# _aСанкт-Петербург _cФГБОУ ВО "Петербургский государственный университет путей сообщения Императора Александра I" _d2026 215 ## _a11 с. 608 ## _aЖурнальная статья _2local 675 ## _aОсновные данные и технические характеристики подвижного состава. Испытания. 629.4.01 _z 700 #1 _aКульков _gАнатолий Александрович 700 #1 _aНиконов _gДаниил Дмитриевич 700 #1 _aГрязнова _gЕлизавета Леонидовна 856 4# _aatjournal.ru _u